| 000 | 00420cam a2200169ua 4500 | ||
|---|---|---|---|
| 041 |
_aeng _h |
||
| 082 |
_a028.75 _bFOD/FO |
||
| 100 | _aFodor, Eugene . | ||
| 245 |
_aFactors guide to India / _cEugene Fodor. _hTextual Documents |
||
| 250 |
_a1 / _b. |
||
| 260 |
_aNewyork : _bFodors modern guides , _c1962. |
||
| 300 | _a650 ; . | ||
| 504 | _a | ||
| 700 | 1 | _aCurtis, William . | |
| 942 | _cBK | ||
| 999 |
_c8629 _d8629 |
||